000 01341nam a2200325Ia 4500
001 ebr10251243
003 CaPaEBR
006 m u
007 cr cn|||||||||
008 070904s2008 ne ab sb 001 0 eng d
020 _z9780123708595
020 _z0123708591
040 _aCaPaEBR
_cCaPaEBR
035 _a(OCoLC)646763494
050 1 4 _aVK203
_b.M36 2008eb
100 1 _aMcNicholas, Michael.
245 1 0 _aMaritime security
_h[electronic resource] :
_ban introduction /
_cMichael McNicholas.
260 _aAmsterdam ;
_aBoston :
_bElsevier/Butterworth Heinemann,
_cc2008.
300 _axxii, 447 p. :
_bill., maps.
490 1 _aButterworth-Heinemann homeland security series
504 _aIncludes bibliographical references and index.
533 _aElectronic reproduction.
_bPalo Alto, Calif. :
_cebrary,
_d2009.
_nAvailable via World Wide Web.
_nAccess may be limited to ebrary affiliated libraries.
650 0 _aMerchant marine
_xSecurity measures.
650 0 _aShipping
_xSecurity measures.
650 0 _aMarine terminals
_xSecurity measures.
655 7 _aElectronic books.
_2local
710 2 _aebrary, Inc.
830 0 _aButterworth-Heinemann homeland security series.
856 4 0 _uhttp://site.ebrary.com/lib/rucke/Doc?id=10251243
_zAn electronic book accessible through the World Wide Web; click to view
999 _c150024
_d150024